[Event "DEM U12 2012"]
[Site "Oberhof GER"]
[Date "2012.06.01"]
[Round "9"]
[White "Gungl, Theo"]
[Black "Lagunow, Raphael"]
[Result "1/2-1/2"]
[Termination "normal"]
[Board "1"]
[WhiteElo "1818"]
[BlackElo "1860"]
[PlyCount "43"]
[WhiteFideId "24695653"]
[BlackFideId "24652644"]
[EventCountry "GER"]
[EventRounds "11"]
[EventType "swiss"]
[EventDate "2012.05.26"]

1. e4 c5 2. Nf3 Nc6 3. d4 cxd4 4. Nxd4 g6 5. Nc3 Bg7 6. Be3 Nf6 7. Bc4 Qa5 8.
O-O O-O 9. Bb3 d6 10. h3 Bd7 11. Re1 Rfc8 12. f4 Nxd4 13. Bxd4 Qh5 14. Bxf6
Bxf6 15. e5 Bh4 16. Qxh5 gxh5 17. Red1 Rc6 18. Ne2 e6 19. exd6 Rd8 20. Nc3 Bc8
21. Nb5 a6 22. Nc3 1/2-1/2

[Event "DEM U12 2012"]
[Site "Oberhof GER"]
[Date "2012.06.01"]
[Round "9"]
[White "Ovsepyan, Arshak"]
[Black "Martin, Julian"]
[Result "1-0"]
[Termination "normal"]
[Board "2"]
[WhiteElo "1951"]
[BlackElo "1627"]
[PlyCount "75"]
[WhiteFideId "24690236"]
[BlackFideId "12941000"]
[EventCountry "GER"]
[EventRounds "11"]
[EventType "swiss"]
[EventDate "2012.05.26"]

1. d4 d5 2. c4 e6 3. Nc3 c5 4. Nf3 cxd4 5. Nxd4 e5 6. Nf3 d4 7. Nd5 Nc6 8. e3
dxe3 9. Bxe3 Bg4 10. Be2 Nge7 11. O-O Ng6 12. Qc2 Bd6 13. c5 Bb8 14. Rfd1 Qc8
15. Ne1 Be6 16. a3 O-O 17. b4 Nce7 18. Bf3 f5 19. Nxe7+ Nxe7 20. Bg5 Nc6 21.
Bxc6 Qxc6 22. Be7 Re8 23. Bd6 e4 24. a4 b5 25. axb5 Qxb5 26. Rd4 Bxd6 27. cxd6
Rec8 28. Qd2 Rc4 29. Rxc4 Bxc4 30. Ra5 Qd7 31. Qd4 Be6 32. h3 a6 33. b5 Qb7 34.
bxa6 Qa7 35. Nc2 Kf7 36. Rc5 Rc8 37. Rxc8 Qxd4 38. Rc7+ 1-0

[Event "DEM U12 2012"]
[Site "Oberhof GER"]
[Date "2012.06.01"]
[Round "9"]
[White "Pallas, Sebastian"]
[Black "Vogel, Roven"]
[Result "1/2-1/2"]
[Termination "normal"]
[Board "3"]
[WhiteElo "1793"]
[BlackElo "1944"]
[PlyCount "90"]
[WhiteFideId "12905453"]
[BlackFideId "12908088"]
[EventCountry "GER"]
[EventRounds "11"]
[EventType "swiss"]
[EventDate "2012.05.26"]

1. e4 d6 2. d4 Nf6 3. Nc3 g6 4. f4 Bg7 5. Nf3 O-O 6. Bd3 Na6 7. O-O c5 8. d5
Nc7 9. h3 b5 10. Re1 a6 11. a3 Bb7 12. g4 e6 13. dxe6 fxe6 14. Ng5 d5 15. e5
Nd7 16. Bf1 Qe7 17. Bg2 Rad8 18. Ne2 Nb6 19. Ng3 Bh6 20. h4 Ba8 21. Bd2 Nc4 22.
Bc1 d4 23. Bxa8 Rxa8 24. b3 Nb6 25. Kg2 Ncd5 26. Qf3 Bxg5 27. hxg5 Qf7 28. Ne4
Qc7 29. Nf6+ Nxf6 30. gxf6 Qd7 31. f5 Kf7 32. Qh3 Rh8 33. Bh6 Nd5 34. Qf3 gxf5
35. gxf5 Ne3+ 36. Bxe3 Rhg8+ 37. Kf1 dxe3 38. Rad1 e2+ 39. Qxe2 Qc6 40. Qh5+
Kf8 41. Qh6+ Ke8 42. f7+ Kxf7 43. Qf6+ Ke8 44. Qxe6+ Qxe6 45. fxe6 Ke7 1/2-1/2

[Event "DEM U12 2012"]
[Site "Oberhof GER"]
[Date "2012.06.01"]
[Round "9"]
[White "Dürr, Florian"]
[Black "Höglauer, Patrick"]
[Result "1-0"]
[Termination "normal"]
[Board "4"]
[WhiteElo "1934"]
[BlackElo "1847"]
[PlyCount "89"]
[WhiteFideId "24659134"]
[BlackFideId "1270548"]
[EventCountry "GER"]
[EventRounds "11"]
[EventType "swiss"]
[EventDate "2012.05.26"]

1. e4 c5 2. Nf3 e6 3. d4 cxd4 4. Nxd4 a6 5. c4 Nf6 6. Nc3 Qc7 7. Nc2 Nc6 8. Qe2
Be7 9. g4 d6 10. g5 Nd7 11. h4 b6 12. b3 Bb7 13. Bb2 O-O-O 14. O-O-O h6 15. g6
fxg6 16. Bh3 Bxh4 17. Bxe6 Bg5+ 18. Kb1 Ne7 19. Ba3 Bf4 20. Rh4 Be5 21. f4 Bxc3
22. Bxd6 Qc6 23. Rh3 Qxe4 24. Re3 Qg2 25. Qxg2 Bxg2 26. Bxe7 Bf6 27. Bxd8 Rxd8
28. Nb4 a5 29. Nd5 Bxd5 30. Rxd5 Kc7 31. Rg3 Nc5 32. Rxd8 Kxd8 33. Bd5 g5 34.
fxg5 Bxg5 35. Kc2 Kd7 36. a3 Kd6 37. b4 Na6 38. Rd3 Ke5 39. Bb7 Nc7 40. bxa5
bxa5 41. Rd7 Ne8 42. Rd5+ Ke6 43. Rxa5 Kd6 44. c5+ Kc7 45. Bf3 1-0

[Event "DEM U12 2012"]
[Site "Oberhof GER"]
[Date "2012.06.01"]
[Round "9"]
[White "Schröder, Kevin"]
[Black "Bergauz, Noam"]
[Result "1/2-1/2"]
[Termination "normal"]
[Board "5"]
[WhiteElo "2036"]
[BlackElo "1865"]
[PlyCount "110"]
[WhiteFideId "12929840"]
[BlackFideId "12938033"]
[EventCountry "GER"]
[EventRounds "11"]
[EventType "swiss"]
[EventDate "2012.05.26"]

1. e4 c6 2. d4 d5 3. e5 Bf5 4. Nf3 e6 5. Be2 Nd7 6. O-O Ne7 7. Nbd2 c5 8. dxc5
Nc6 9. Bb5 Bxc5 10. Nb3 Bb6 11. a4 Bg4 12. a5 Bc7 13. a6 Bxf3 14. Qxf3 Ncxe5
15. Qg3 Ng6 16. Bxd7+ Qxd7 17. axb7 Rb8 18. Nc5 Bxg3 19. Nxd7 Bxh2+ 20. Kxh2
Kxd7 21. Rxa7 Kc7 22. f4 f6 23. f5 exf5 24. Rxf5 Rhd8 25. Ra5 Ne7 26. Rh5 Rxb7
27. Rxh7 Rg8 28. Ra3 Kd7 29. Rg3 Nf5 30. Rd3 Ke6 31. g4 Nd6 32. Rh5 Rc8 33.
Re3+ Kf7 34. Re2 Rbc7 35. c3 Rc5 36. Rd2 Ke6 37. Rd3 Nc4 38. Rh7 Kf7 39. g5 Ne5
40. Rg3 fxg5 41. Bxg5 Rc4 42. Bd2 Rg4 43. Rh5 Rxg3 44. Kxg3 Ke6 45. b3 Rf8 46.
Bf4 Nd3 47. Be3 Ne5 48. Bd4 Nc6 49. Bc5 Rf1 50. Rh2 Rb1 51. Re2+ Kd7 52. b4 Rb3
53. Re3 d4 54. Bxd4 Nxd4 55. Rd3 Kc6 1/2-1/2

[Event "DEM U12 2012"]
[Site "Oberhof GER"]
[Date "2012.06.01"]
[Round "9"]
[White "Nguyen, Huy Dat"]
[Black "Kitze, Alexander"]
[Result "0-1"]
[Termination "normal"]
[Board "6"]
[WhiteElo "1764"]
[BlackElo "1811"]
[PlyCount "96"]
[WhiteFideId "12923486"]
[BlackFideId "12914827"]
[EventCountry "GER"]
[EventRounds "11"]
[EventType "swiss"]
[EventDate "2012.05.26"]

1. d4 Nf6 2. c4 c5 3. d5 b5 4. cxb5 a6 5. bxa6 Bxa6 6. Nc3 d6 7. Nf3 g6 8. g3
Bg7 9. Bg2 O-O 10. O-O Nbd7 11. Qc2 Qa5 12. Bd2 Rfb8 13. Rab1 Qb6 14. Rfe1 Ne8
15. b3 Nc7 16. e4 Nb5 17. Nxb5 Bxb5 18. a4 Ba6 19. Bf1 Bxf1 20. Kxf1 Qa6+ 21.
Kg2 Rb7 22. Bc3 Bxc3 23. Qxc3 Rab8 24. Nd2 Ne5 25. f4 Nd3 26. Re3 Nb4 27. Rf1
f5 28. Qc4 Qxc4 29. bxc4 Ra8 30. exf5 gxf5 31. Rfe1 Nc2 32. Rxe7 Nxe1+ 33. Rxe1
Rxa4 34. Kf3 Rb2 35. Ke3 Ra3+ 36. Ke2 Raa2 37. Rd1 Kf7 38. Kd3 Kg6 39. Kc3 Kf6
40. h3 Rb7 41. Re1 Re7 42. Rxe7 Kxe7 43. g4 Kf6 44. Kd3 Ra3+ 45. Ke2 Rxh3 46.
g5+ Kg6 47. Nf1 Kh5 48. Ne3 Rxe3+ 0-1

[Event "DEM U12 2012"]
[Site "Oberhof GER"]
[Date "2012.06.01"]
[Round "9"]
[White "Baberz, Alexander"]
[Black "Fieberg, Samuel"]
[Result "0-1"]
[Termination "normal"]
[Board "7"]
[WhiteElo "1815"]
[BlackElo "1872"]
[PlyCount "66"]
[WhiteFideId "12921734"]
[BlackFideId "12901717"]
[EventCountry "GER"]
[EventRounds "11"]
[EventType "swiss"]
[EventDate "2012.05.26"]

1. d4 d5 2. c4 c6 3. Nf3 Nf6 4. Nc3 e6 5. Bg5 dxc4 6. e4 b5 7. e5 h6 8. Bh4 g5
9. Nxg5 hxg5 10. Bxg5 Nbd7 11. g3 Bb7 12. Bg2 Qb6 13. exf6 O-O-O 14. Qe2 c5 15.
Bxb7+ Qxb7 16. Qe4 Qxe4+ 17. Nxe4 cxd4 18. b3 c3 19. O-O-O Ne5 20. Bf4 Nc6 21.
Kb1 b4 22. Kc2 Rh5 23. Ng5 Rd7 24. g4 Rh4 25. f3 Bh6 26. Bc1 Bxg5 27. Bxg5 Rh3
28. Rdf1 d3+ 29. Kc1 d2+ 30. Kb1 Nd4 31. Ka1 Nc2+ 32. Kb1 Na3+ 33. Ka1 c2 0-1

[Event "DEM U12 2012"]
[Site "Oberhof GER"]
[Date "2012.06.01"]
[Round "9"]
[White "Kololli, Martin"]
[Black "Schmidek, Emil"]
[Result "0-1"]
[Termination "normal"]
[Board "9"]
[WhiteElo "1739"]
[BlackElo "1800"]
[PlyCount "98"]
[WhiteFideId "12936910"]
[BlackFideId "12908150"]
[EventCountry "GER"]
[EventRounds "11"]
[EventType "swiss"]
[EventDate "2012.05.26"]

1. e4 e5 2. Nf3 Nc6 3. Bc4 Nf6 4. d4 exd4 5. O-O Bc5 6. e5 d5 7. exf6 dxc4 8.
fxg7 Rg8 9. Bg5 Be7 10. Bxe7 Kxe7 11. Re1+ Be6 12. Re4 d3 13. Nbd2 Rxg7 14.
Nxc4 dxc2 15. Qxc2 Kf8 16. Rf4 Qe7 17. g3 Rd8 18. Rd1 Kg8 19. a3 Bd5 20. Nh4
Qg5 21. Qf5 Bxc4 22. Rxd8+ Qxd8 23. Rxc4 Rg5 24. Qe4 Qd5 25. Nf3 Qxe4 26. Rxe4
Rb5 27. b4 Rd5 28. Kf1 Rd3 29. Re3 Rxe3 30. fxe3 Kg7 31. Ke2 Kf6 32. e4 Ne5 33.
Nd4 Nc4 34. a4 Ke5 35. Nb5 c6 36. Nc3 Kd4 37. Nd1 Kxe4 38. Nf2+ Kd4 39. Nd1 Nb6
40. Kd2 Nxa4 41. Ne3 Nb6 42. Nf5+ Ke5 43. Nh6 Ke6 44. Kc3 Nd5+ 45. Kb3 f5 46.
g4 f4 47. Nf5 Ne3 48. Nd4+ Kd5 49. Nf3 Nxg4 0-1

[Event "DEM U12 2012"]
[Site "Oberhof GER"]
[Date "2012.06.01"]
[Round "9"]
[White "Reuker, Jari"]
[Black "Poghosyan, Tigran"]
[Result "1/2-1/2"]
[Termination "normal"]
[Board "10"]
[WhiteElo "1771"]
[BlackElo "1860"]
[PlyCount "109"]
[WhiteFideId "12909300"]
[BlackFideId "12909319"]
[EventCountry "GER"]
[EventRounds "11"]
[EventType "swiss"]
[EventDate "2012.05.26"]

1. Nf3 c5 2. c4 Nc6 3. Nc3 g6 4. e3 e5 5. Be2 Bg7 6. O-O Nge7 7. d3 O-O 8. Bd2
d6 9. a3 h6 10. Rb1 a5 11. Nb5 f5 12. Bc3 g5 13. d4 g4 14. Ne1 cxd4 15. exd4
exd4 16. Nxd4 Nxd4 17. Bxd4 Be6 18. Bxg7 Kxg7 19. Qd4+ Kh7 20. Rd1 d5 21. Qe3
Qc8 22. cxd5 Nxd5 23. Qe5 Qc6 24. Nd3 Rae8 25. Rc1 Qb6 26. Nf4 Bg8 27. Nxd5
Rxe5 28. Nxb6 Rxe2 29. Rc7+ Rf7 30. Rxf7+ Bxf7 31. Rb1 Ba2 32. Kf1 Re6 33. Ra1
Bb3 34. Nd7 Bc4+ 35. Kg1 Re2 36. b4 axb4 37. axb4 Rb2 38. h3 gxh3 39. gxh3 Rxb4
40. Kh2 Bb5 41. Nc5 Bc6 42. Re1 Kg7 43. Kg3 Rc4 44. Nxb7 Rc3+ 45. Kh2 Rf3 46.
Re2 Bxb7 47. Re7+ Kg6 48. Rxb7 Rxf2+ 49. Kg3 Rc2 50. Rb6+ Kh5 51. Rb5 Rc3+ 52.
Kf4 Rxh3 53. Rxf5+ Kh4 54. Rf6 h5 55. Rg6 1/2-1/2

[Event "DEM U12 2012"]
[Site "Oberhof GER"]
[Date "2012.06.01"]
[Round "9"]
[White "Urban, Konstantin"]
[Black "Schnabel, Bennett"]
[Result "1-0"]
[Termination "normal"]
[Board "11"]
[WhiteElo "1766"]
[BlackElo "1693"]
[PlyCount "61"]
[WhiteFideId "12927511"]
[BlackFideId "12943290"]
[EventCountry "GER"]
[EventRounds "11"]
[EventType "swiss"]
[EventDate "2012.05.26"]

1. e4 c5 2. Nf3 Nc6 3. d4 cxd4 4. Nxd4 g6 5. Nc3 Bg7 6. Nxc6 bxc6 7. Bd3 d6 8.
O-O Nf6 9. Kh1 O-O 10. f4 d5 11. e5 Nd7 12. Qe2 Nc5 13. Bd2 Nxd3 14. cxd3 Rb8
15. b3 f6 16. d4 Qb6 17. Qe3 Qd8 18. Na4 Bh6 19. Qe2 Qc7 20. Nc5 fxe5 21. fxe5
Rxf1+ 22. Rxf1 Bxd2 23. Qxd2 Qd8 24. Qg5 Rb5 25. h4 Kh8 26. h5 Bf5 27. Rxf5
gxf5 28. Ne6 Qg8 29. Qxe7 h6 30. Qf6+ Kh7 31. Nf8+ 1-0

[Event "DEM U12 2012"]
[Site "Oberhof GER"]
[Date "2012.06.01"]
[Round "9"]
[White "Savchenko, Daniel"]
[Black "Kololli, Kevin"]
[Result "1/2-1/2"]
[Termination "normal"]
[Board "12"]
[WhiteElo "1628"]
[BlackElo "1767"]
[PlyCount "117"]
[WhiteFideId "12919195"]
[BlackFideId "12936863"]
[EventCountry "GER"]
[EventRounds "11"]
[EventType "swiss"]
[EventDate "2012.05.26"]

1. e4 e5 2. Nf3 Nc6 3. Bb5 Nf6 4. d4 Nxe4 5. O-O Be7 6. Re1 Nd6 7. Bxc6 bxc6 8.
dxe5 Nb7 9. Nc3 O-O 10. b3 Re8 11. Bb2 d5 12. Nd4 Bd7 13. e6 fxe6 14. Nxe6 Bxe6
15. Rxe6 Bd6 16. Qg4 Rxe6 17. Qxe6+ Kh8 18. g3 Qf8 19. Re1 Bc5 20. Nd1 Nd6 21.
Qe7 Ne4 22. Qxf8+ Rxf8 23. Re2 Kg8 24. Kg2 h5 25. h4 Bd6 26. c4 Kf7 27. cxd5
cxd5 28. Nc3 Nxc3 29. Bxc3 c5 30. f4 d4 31. Bb2 Re8 32. Rxe8 Kxe8 33. Kf3 Kf7
34. Ke4 Ke6 35. b4 a6 36. bxc5 Bxc5 37. Bxd4 Bf8 38. f5+ Kf7 39. Kf4 Be7 40.
Be3 a5 41. a4 Bd8 42. Ke4 g6 43. Bg5 Bc7 44. fxg6+ Kxg6 45. Bf4 Bd8 46. Bd2 Bc7
47. Be1 Kf6 48. Kd5 Ke7 49. Kc6 Kd8 50. Kb5 Kc8 51. Ka6 Kb8 52. Bxa5 Bxg3 53.
Bd8 Bxh4 54. Bxh4 Ka8 55. Kb6 Kb8 56. a5 Ka8 57. a6 Kb8 58. a7+ Ka8 59. Ka6
1/2-1/2

[Event "DEM U12 2012"]
[Site "Oberhof GER"]
[Date "2012.06.01"]
[Round "9"]
[White "Burg, Niclas"]
[Black "Rätzke von Stoyentin, Steffen"]
[Result "1-0"]
[Termination "normal"]
[Board "13"]
[WhiteElo "1614"]
[BlackElo "1741"]
[PlyCount "107"]
[WhiteFideId "1271968"]
[BlackFideId "12907502"]
[EventCountry "GER"]
[EventRounds "11"]
[EventType "swiss"]
[EventDate "2012.05.26"]

1. e4 e5 2. Nf3 Nc6 3. Bb5 a6 4. Bxc6 dxc6 5. O-O Bg4 6. h3 Bh5 7. d3 f6 8. Be3
Qd7 9. Nbd2 O-O-O 10. Nc4 Bf7 11. b3 Be6 12. Qd2 g5 13. Qa5 g4 14. Nfxe5 fxe5
15. Nxe5 Qd6 16. Nxg4 Bxg4 17. hxg4 Bg7 18. Rad1 Qg6 19. Qf5+ Kb8 20. Qc5 b6
21. Qf5 Ne7 22. Qxg6 hxg6 23. f4 c5 24. f5 gxf5 25. gxf5 Bf6 26. Kf2 Nc6 27.
Rh1 Nb4 28. Rxh8 Rxh8 29. c4 Nxa2 30. g4 Rh2+ 31. Kg3 Nc3 32. Kxh2 Nxd1 33. Bd2
Kc8 34. g5 Be5+ 35. Kg2 Kd7 36. Kf3 Nb2 37. Bf4 Bxf4 38. Kxf4 Nxd3+ 39. Ke3 Ne5
40. Kf4 Nc6 41. g6 Ke7 42. Kg5 b5 43. f6+ Kf8 44. Kh6 Kg8 45. f7+ Kf8 46. e5
bxc4 47. e6 Ke7 48. g7 cxb3 49. f8=Q+ Kxe6 50. g8=Q+ Ke5 51. Qxc5+ Ke4 52. Qg4+
Kd3 53. Qcc4+ Kd2 54. Qge2# 1-0

[Event "DEM U12 2012"]
[Site "Oberhof GER"]
[Date "2012.06.01"]
[Round "9"]
[White "Muckle, Julius"]
[Black "Zienert, Richard"]
[Result "1-0"]
[Termination "normal"]
[Board "14"]
[WhiteElo "1541"]
[BlackElo "1649"]
[PlyCount "93"]
[WhiteFideId "12942430"]
[BlackFideId "12945986"]
[EventCountry "GER"]
[EventRounds "11"]
[EventType "swiss"]
[EventDate "2012.05.26"]

1. d4 Nf6 2. c4 e6 3. Nc3 d5 4. Nf3 Be7 5. e3 O-O 6. Be2 Nbd7 7. O-O b6 8. b3
Bb7 9. Bb2 c5 10. Rc1 Rc8 11. Ne5 Ne8 12. Nxd7 Qxd7 13. dxc5 bxc5 14. Rc2 Rc6
15. cxd5 Rd6 16. Ba3 exd5 17. Bxc5 Rg6 18. Bxe7 Qxe7 19. Bf3 Nf6 20. Nxd5 Nxd5
21. Bxd5 Rd8 22. Rd2 Qg5 23. Bxb7 Re8 24. Qf3 Rh6 25. Rfd1 Qh4 26. Qf4 Qe7 27.
Rd7 Qf8 28. Bd5 Rf6 29. Rxf7 Rxf7 30. Qxf7+ Qxf7 31. Bxf7+ Kxf7 32. Rd7+ Kf6
33. Rxa7 Rc8 34. g3 Rb8 35. Ra4 g5 36. b4 h5 37. h3 Rb5 38. a3 Rd5 39. Ra6+ Kg7
40. a4 Rd1+ 41. Kg2 Rb1 42. b5 Rb4 43. b6 Kf6 44. b7+ Kf5 45. Ra7 h4 46. g4+
Ke5 47. a5 1-0

[Event "DEM U12 2012"]
[Site "Oberhof GER"]
[Date "2012.06.01"]
[Round "9"]
[White "Greßmann, Moritz"]
[Black "Gauchel, Lorenz"]
[Result "1/2-1/2"]
[Termination "normal"]
[Board "15"]
[WhiteElo "1821"]
[BlackElo "1620"]
[PlyCount "120"]
[WhiteFideId "24695084"]
[BlackFideId "12905283"]
[EventCountry "GER"]
[EventRounds "11"]
[EventType "swiss"]
[EventDate "2012.05.26"]

1. c4 c5 2. Nc3 Nf6 3. g3 d5 4. cxd5 Nxd5 5. Bg2 Nc7 6. Nf3 Nc6 7. O-O e5 8. d3
Be7 9. a3 O-O 10. Rb1 Be6 11. Bd2 f6 12. Ne1 Qd7 13. Qa4 Rab8 14. Qd1 Rfd8 15.
Ne4 Nd4 16. b4 cxb4 17. Bxb4 Na6 18. Nf3 Nxb4 19. axb4 Rdc8 20. Nxd4 Qxd4 21.
Nc5 Bxc5 22. bxc5 Qd7 23. Qc2 Bd5 24. Bxd5+ Qxd5 25. Rfc1 Rc7 26. Qa4 a6 27. c6
Rbc8 28. Qc4 Qxc4 29. Rxc4 b5 30. Rc2 Rxc6 31. Rxc6 Rxc6 32. Kf1 Kf7 33. Ke1
Ke6 34. Kd2 Kd5 35. f4 exf4 36. gxf4 f5 37. Rg1 Rg6 38. Ra1 Kc5 39. Kc3 Kb6 40.
e4 Rg4 41. Rf1 fxe4 42. dxe4 Rg2 43. e5 Rg6 44. Re1 Rc6+ 45. Kb3 g6 46. e6 Rc8
47. e7 Re8 48. h4 Kc7 49. Re6 a5 50. Re5 Kd6 51. Rxb5 Rxe7 52. Rxa5 Rf7 53. h5
Ke6 54. hxg6 hxg6 55. Rg5 Rf6 56. Kc3 Kf7 57. Rg4 Kg7 58. Kd3 Kf7 59. Ke4 Re6+
60. Kf3 Kf6 1/2-1/2

[Event "DEM U12 2012"]
[Site "Oberhof GER"]
[Date "2012.06.01"]
[Round "9"]
[White "Hoppe, Andreas"]
[Black "Sieber, Fiona"]
[Result "0-1"]
[Termination "normal"]
[Board "16"]
[WhiteElo "1743"]
[BlackElo "1771"]
[PlyCount "128"]
[WhiteFideId "12922811"]
[BlackFideId "12902373"]
[EventCountry "GER"]
[EventRounds "11"]
[EventType "swiss"]
[EventDate "2012.05.26"]

1. e4 c5 2. Nf3 d6 3. d4 cxd4 4. Nxd4 Nf6 5. Nc3 Nc6 6. Be3 Ng4 7. Bg5 h6 8.
Bc1 Qb6 9. Bb5 a6 10. Nd5 Qa7 11. Bxc6+ bxc6 12. Ne3 Nxe3 13. Bxe3 Qc7 14. f3
e5 15. Nb3 Be6 16. O-O Be7 17. Qd2 O-O 18. Nc1 f5 19. Ne2 f4 20. Bf2 Rab8 21.
c3 Qc8 22. Rfc1 d5 23. b3 Rd8 24. Qc2 Ba3 25. Rd1 Qb7 26. Rab1 Qb5 27. Rd2 dxe4
28. fxe4 Rxd2 29. Qxd2 Bg4 30. c4 Qxc4 31. bxc4 Rxb1+ 32. Be1 Bb4 33. Qxb4 Rxb4
34. Bxb4 Bxe2 35. Bd6 Bxc4 36. Bxe5 Bxa2 37. Bxf4 Kf7 38. Kf2 Ke6 39. Ke3 c5
40. Bc7 Kd7 41. Be5 g6 42. Bc3 Kc6 43. e5 Be6 44. Kd3 Kd5 45. Bd2 Bf5+ 46. Ke2
h5 47. Bc3 Kc4 48. Kd2 Be6 49. Kc2 Bg4 50. g3 Be6 51. Kd2 Bf5 52. h4 Bg4 53.
Kc2 Be6 54. Bd2 Bf5+ 55. Kb2 Kd3 56. Bg5 c4 57. Bc1 c3+ 58. Kb3 Be6+ 59. Kb4
Kc2 60. Be3 Kd3 61. Bg5 c2 62. Ka3 Ke2 63. Kb2 Kd1 64. Be3 a5 0-1

[Event "DEM U12 2012"]
[Site "Oberhof GER"]
[Date "2012.06.01"]
[Round "9"]
[White "Nothnagel, Marian Can"]
[Black "Müller, Elias"]
[Result "1-0"]
[Termination "normal"]
[Board "17"]
[WhiteElo "1723"]
[BlackElo "1703"]
[PlyCount "63"]
[WhiteFideId "12921530"]
[BlackFideId "12917133"]
[EventCountry "GER"]
[EventRounds "11"]
[EventType "swiss"]
[EventDate "2012.05.26"]

1. e4 e5 2. Nf3 Nc6 3. Bb5 Nge7 4. d3 Ng6 5. c3 d5 6. exd5 Qxd5 7. Bc4 Qd8 8.
O-O Bd6 9. Nbd2 O-O 10. Re1 Bf5 11. Nf1 e4 12. dxe4 Bxe4 13. Be3 Nge5 14. Nxe5
Nxe5 15. Be2 f5 16. Bf4 Qh4 17. Bg3 Qg5 18. f3 f4 19. fxe4 fxg3 20. Nxg3 Ng6
21. Qd5+ Qxd5 22. exd5 Bxg3 23. hxg3 Rad8 24. Bf3 b5 25. a4 bxa4 26. Rxa4 Ra8
27. d6 Rac8 28. d7 Rcd8 29. Bd5+ Kh8 30. Bc6 Rf6 31. Re8+ Rf8 32. Rxa7 1-0

[Event "DEM U12 2012"]
[Site "Oberhof GER"]
[Date "2012.06.01"]
[Round "9"]
[White "Peter, Anton"]
[Black "Rogozenco, Teodora"]
[Result "0-1"]
[Termination "normal"]
[Board "18"]
[WhiteElo "1739"]
[BlackElo "1651"]
[PlyCount "52"]
[WhiteFideId "12901660"]
[BlackFideId "12938084"]
[EventCountry "GER"]
[EventRounds "11"]
[EventType "swiss"]
[EventDate "2012.05.26"]

1. Nf3 Nf6 2. c4 g6 3. Nc3 Bg7 4. d4 O-O 5. e4 d6 6. h3 Nbd7 7. Bf4 Nh5 8. Bh2
e5 9. dxe5 dxe5 10. Bd3 Nf4 11. O-O c6 12. b4 Qe7 13. a3 Rd8 14. Bxf4 exf4 15.
Qc2 Ne5 16. Be2 Nxf3+ 17. Bxf3 Qg5 18. Kh2 Be6 19. c5 Qe5 20. Rac1 Rd7 21. Nb1
Rad8 22. Bd1 f3+ 23. g3 Qh5 24. h4 Qg4 25. Kg1 Rxd1 26. Rfxd1 Qh3 0-1

[Event "DEM U12 2012"]
[Site "Oberhof GER"]
[Date "2012.06.01"]
[Round "9"]
[White "Laubrock, Paul"]
[Black "Moses, Selina"]
[Result "0-1"]
[Termination "normal"]
[Board "19"]
[WhiteElo "1648"]
[BlackElo "1677"]
[PlyCount "62"]
[WhiteFideId "1270509"]
[BlackFideId "12908070"]
[EventCountry "GER"]
[EventRounds "11"]
[EventType "swiss"]
[EventDate "2012.05.26"]

1. e4 c5 2. Nf3 d6 3. d4 cxd4 4. Nxd4 Nf6 5. Nc3 a6 6. f3 e6 7. Be3 b5 8. Qd2
Nbd7 9. O-O-O Nb6 10. Bd3 Nfd7 11. g4 Ne5 12. b3 b4 13. Nce2 d5 14. exd5 Nxd5
15. Be4 Bb7 16. Bxd5 Bxd5 17. Rhf1 Rc8 18. Bf4 Ng6 19. Bg3 Bd6 20. f4 Ne7 21.
f5 e5 22. Nf3 f6 23. g5 Be4 24. c4 Nxf5 25. gxf6 gxf6 26. Nh4 Nxh4 27. Bxh4 Be7
28. Qxd8+ Rxd8 29. Rxd8+ Bxd8 30. Bxf6 Rf8 31. Ng3 Bxf6 0-1

[Event "DEM U12 2012"]
[Site "Oberhof GER"]
[Date "2012.06.01"]
[Round "9"]
[White "Piskaykin, Bogdan"]
[Black "Vuckovic, Zarko"]
[Result "1-0"]
[Termination "normal"]
[Board "20"]
[WhiteElo "1560"]
[BlackElo "1458"]
[PlyCount "141"]
[WhiteFideId "12941212"]
[BlackFideId "12952087"]
[EventCountry "GER"]
[EventRounds "11"]
[EventType "swiss"]
[EventDate "2012.05.26"]

1. e4 e6 2. d4 d5 3. Nc3 dxe4 4. Nxe4 Nd7 5. Bd3 Ngf6 6. Qe2 Nxe4 7. Bxe4 Nf6
8. Bxb7 Bxb7 9. Qb5+ Nd7 10. Qxb7 Bd6 11. Nf3 O-O 12. O-O Qf6 13. Qe4 h6 14. c3
Rab8 15. Re1 Qe7 16. Ne5 Bxe5 17. dxe5 Qc5 18. Re3 Rb5 19. a4 Rbb8 20. f4 a5
21. Qd4 Qxd4 22. cxd4 Nb6 23. Rc3 Nd5 24. Rc5 Rb4 25. Rxa5 Rxd4 26. Kf2 Nxf4
27. Bxf4 Rxf4+ 28. Ke3 Rb4 29. Rb5 Rb8 30. Rxb8+ Rxb8 31. a5 Kf8 32. Kd4 Ke7
33. Kc5 Kd7 34. a6 h5 35. a7 Ra8 36. b4 f5 37. exf6 gxf6 38. b5 Kc8 39. Kc6 h4
40. b6 cxb6 41. Kxb6 h3 42. gxh3 e5 43. Rc1+ Kd7 44. Kb7 Rh8 45. a8=Q Rxa8 46.
Kxa8 e4 47. h4 Ke6 48. h5 Kf5 49. Rg1 e3 50. h6 Ke4 51. h7 f5 52. h8=Q f4 53.
Qe8+ Kf3 54. Rg3+ fxg3 55. hxg3 Kf2 56. g4 e2 57. Qxe2+ Kxe2 58. g5 Kd3 59. g6
Ke4 60. g7 Kf5 61. g8=Q Kf6 62. Qe8 Kg7 63. Qe6 Kh8 64. Qg4 Kh7 65. Kb7 Kh6 66.
Kc6 Kh7 67. Qg5 Kh8 68. Kd6 Kh7 69. Ke6 Kh8 70. Kf7 Kh7 71. Qg7# 1-0

[Event "DEM U12 2012"]
[Site "Oberhof GER"]
[Date "2012.06.01"]
[Round "9"]
[White "Kuhn, Magnus"]
[Black "Spitzl, Vinzent"]
[Result "1/2-1/2"]
[Termination "normal"]
[Board "21"]
[WhiteElo "1658"]
[BlackElo "1725"]
[PlyCount "115"]
[WhiteFideId "12926345"]
[BlackFideId "12901253"]
[EventCountry "GER"]
[EventRounds "11"]
[EventType "swiss"]
[EventDate "2012.05.26"]

1. e4 c5 2. Nf3 d6 3. d4 cxd4 4. Nxd4 Nf6 5. Nc3 g6 6. Be2 Bg7 7. Be3 O-O 8.
O-O Nc6 9. f4 Bd7 10. Qd2 Rc8 11. h3 Nxd4 12. Bxd4 Bc6 13. Bf3 a6 14. Rfe1 b5
15. a3 a5 16. Re2 Nd7 17. Bxg7 Kxg7 18. Rd1 Nc5 19. Re3 Rb8 20. e5 Bxf3 21.
gxf3 Ne6 22. Rd3 Qb6+ 23. Kh2 dxe5 24. fxe5 b4 25. Nd5 Qc5 26. axb4 axb4 27. c3
bxc3 28. Rxc3 Qb5 29. b4 Rfd8 30. Rd3 Rd7 31. Kh1 Rbd8 32. Nf4 Rxd3 33. Nxd3
Nf4 34. Qxf4 Rxd3 35. Rxd3 Qxd3 36. Qe4 Qb5 37. Kg2 h6 38. Kf2 Qd7 39. h4 Qb5
40. Ke3 Kf8 41. Qd4 Ke8 42. Qc5 Qxc5+ 43. bxc5 Kd7 44. Kd4 Kc6 45. Kc4 f6 46.
exf6 exf6 47. Kd4 g5 48. h5 f5 49. Ke5 g4 50. fxg4 fxg4 51. Kf4 Kxc5 52. Kxg4
Kd5 53. Kf5 Kd6 54. Kg6 Ke6 55. Kxh6 Kf6 56. Kh7 Kf7 57. h6 Kf8 58. Kh8 1/2-1/2

[Event "DEM U12 2012"]
[Site "Oberhof GER"]
[Date "2012.06.01"]
[Round "9"]
[White "Krüger, David"]
[Black "Walker, Julia"]
[Result "1-0"]
[Termination "normal"]
[Board "22"]
[WhiteElo "1762"]
[BlackElo "1370"]
[PlyCount "49"]
[WhiteFideId "12921858"]
[BlackFideId "1271852"]
[EventCountry "GER"]
[EventRounds "11"]
[EventType "swiss"]
[EventDate "2012.05.26"]

1. d4 d5 2. c4 e6 3. Nc3 c5 4. cxd5 exd5 5. Nf3 Nc6 6. g3 Nf6 7. Bg2 Be7 8. O-O
O-O 9. Bg5 c4 10. Ne5 Be6 11. f4 Rc8 12. e3 h6 13. Bh4 a6 14. a3 Ne8 15. f5
Bxh4 16. fxe6 Nxe5 17. dxe5 Bg5 18. exf7+ Rxf7 19. Bxd5 Bxe3+ 20. Kh1 Kh8 21.
Rxf7 Nc7 22. Qg4 Bg5 23. Bxc4 Qe8 24. Raf1 Ne6 25. Qf5 1-0